Higiene alimentària i autocontrol : mòdul avançat mòdul avançat
Publicado:
Barcelona :
Diputació de Barcelona. Àrea de Salut Pública i Consum. Servei de Salut Pública i Consum, [s.a.]
Descripción Física:
49 p. : il. ; 29 cm
MARC
| LEADER | 00000nam a2200000Ia 4500 | ||
|---|---|---|---|
| 001 | 23623 | ||
| 008 | 160829s9999 xx 000 0 cat d | ||
| 080 | |a FU-60-23 | ||
| 245 | |a Higiene alimentària i autocontrol : |b mòdul avançat | ||
| 260 | |a Barcelona : |b Diputació de Barcelona. Àrea de Salut Pública i Consum. Servei de Salut Pública i Consum, [s.a.] | ||
| 300 | |a 49 p. : |b il. ; |c 29 cm | ||
| 650 | 0 | |a Aliments |x Manipulació |x Manuals, guies, etc. |9 43103 | |
| 710 | |a Barcelona (Catalunya : Província). |b Servei de Salut Pública i Consum |9 8151 | ||
| 856 | |u www.acdha.com | ||
| 901 | |a Arxiu | ||
| 942 | |n 1 | ||
| 952 | |0 0 |1 0 |4 0 |6 FU6023 |7 1 |9 55647 |a Arxiu |b Arxiu |d 2016-12-01 |l 0 |o FU-60-23 |p 23623 |r 2016-12-01 00:00:00 |w 2016-12-01 |y ARXIU | ||
| 999 | |c 59520 |d 59520 | ||